| 000 | 01152cam a2200253 4500 | ||
|---|---|---|---|
| 008 | 000000n1999 000 0 eng u | ||
| 020 | _a007134103X | ||
| 035 | _a(Sirsi) u120744 | ||
| 041 | _aeng. | ||
| 050 |
_a692.3 _c18 |
||
| 100 | _aStitt, Fred A. | ||
| 245 | _aConstruction specifications portable handbook. | ||
| 260 |
_aNew York _bMcGraw-Hill _c1999 |
||
| 300 |
_av,378p. _bill. _c21cm. |
||
| 350 | _a39.99 | ||
| 490 | _aMcGraw-Hill Portable Architecture | ||
| 520 | _aAn American book which is organised according to CSI Masterformat. It aims to give the reader access to simple, accurate specification writing and verification whether in the office or on site. It includes: clearly written requirement checklists; checklists for all major construction products, materials and procedures; and a systematic approach that helps eliminate costly contractor claims, mistakes or the need for redos or reorders. | ||
| 650 | _aSPECIFICATION | ||
| 650 | _aCONSTRUCTION SPECIFICATIONS INSTITUTE | ||
| 650 | _aUNITED STATES | ||
| 650 | _aSPECIFICATION WRITING | ||
| 690 | _aQUANTITY SURVEYING-MEASUREMENT AND SPECIFICATION | ||
| 942 | _n0 | ||
| 999 |
_c102554 _d102554 |
||